00781nam a2200289Ia 450000500170000000800460001702000150006303700070007804000080008504000080009304000080010104100080010904100080011708400170012508400080014210000270015024500980017724500180027526000130029326000200030626000090032630000090033594200070034494200170035199900210036895201020038920260401122350.0008 250103s9999 xx 000 0 eng d a8178242613 aTB aEDL beng cEDL 2eng aeng a686.1095 STA qEDL aStark, Ulrike91233375 0aEmpire of Books: Naval Kishore Press and the Diffusion of the Printed Word in Colonial India 0cStark, Ulrike aRanikhet bPermanent Black c2008 a585p cTB h686.1095 STA c1846806d1846806 00104070aEDLbEDLd2026-04-01l0o686.1095 STApEL2152164r2026-04-01 12:23:50w2026-04-01yTB